000 00720nam a2200265Ia 4500
003 OSt
005 20221005063049.0
006 a|||||r|||| 00| 0
007 ta
008 221004b |||||||| |||| 00| 0 eng d
020 _a0520052897
024 _a43014
037 _cTextual
040 _aCRL
_cCRL
_beng
041 _2eng
_aeng
082 _aO145,2N20x, 111M7
100 _aWojtyla Karol
_980371
245 0 _aCollected plays and writings on theater
260 _aLondon
_bUniv of California UK
_c1987
300 _a395p
_ccm.
650 _a ENGLISH LITERATURE
650 _aPOLISH LITERATURE
942 _hO145,2N20x, 111M7
_cTEXL
_2cc
999 _c970784
_d970784